Pokémon by Picture: Generation VII - Statistics

General Stats
  • This quiz has been taken 3,131 times
  • The average score is 61 of 88
Answer Stats
Picture Answer % Correct
Rowlet
96%
Litten
91%
Popplio
86%
Incineroar
85%
Mimikyu
85%
Decidueye
84%
Rockruff
82%
Lycanroc
80%
Primarina
80%
Lunala
79%
Solgaleo
79%
Cosmog
78%
Toucannon
78%
Torracat
77%
Bewear
76%
Pikipek
76%
Tapu Koko
76%
Tapu Lele
76%
Oricorio
75%
Salazzle
75%
Charjabug
74%
Dartrix
74%
Drampa
74%
Wishiwashi
74%
Cutiefly
73%
Tapu Fini
73%
Type: Null
73%
Yungoos
73%
Buzzwole
72%
Crabrawler
72%
Grubbin
72%
Melmetal
72%
Meltan
72%
Tapu Bulu
72%
Vikavolt
72%
Bruxish
71%
Marshadow
71%
Salandit
71%
Togedemaru
71%
Komala
70%
Necrozma
70%
Oranguru
70%
Cosmoem
69%
Guzzlord
69%
Mudbray
69%
Brionne
68%
Crabominable
68%
Dewpider
68%
Gumshoos
68%
Stufful
67%
Mudsdale
66%
Sandygast
66%
Silvally
66%
Bounsweet
65%
Kommo-o
65%
Pyukumuku
65%
Ribombee
65%
Mareanie
64%
Toxapex
64%
Tsareena
64%
Turtonator
64%
Golisopod
63%
Jangmo-o
63%
Kartana
63%
Magearna
63%
Stakataka
63%
Araquanid
62%
Comfey
62%
Fomantis
62%
Lurantis
62%
Trumbeak
62%
Minior
61%
Palossand
61%
Passimian
61%
Poipole
61%
Wimpod
61%
Xurkitree
61%
Zeraora
61%
Celesteela
60%
Morelull
60%
Nihilego
60%
Shiinotic
60%
Dhelmise
59%
Pheromosa
58%
Blacephalon
55%
Steenee
54%
Hakamo-o
53%
Naganadel
53%
No matching quizzes found
Score Distribution
Percent of People with Each Score
Percentile by Number Answered
Your Score History
You have not taken this quiz